000 00301 a2200145 4500
003 Nust
005 20170207153529.0
040 _cNust
082 _a891.4393
100 _a Karim,Mustafa
245 _aToofan Ke Aahat
_cMustafa Karim
260 _aLahore
_bSchehrzad
300 _a444:p
650 _aurdu Adab
942 _cBVOL
999 _c187894
_d187894